Normal view
MARC view
Entry Meeting Name
001 - CONTROL NUMBER
- control field: 37948
003 - CONTROL NUMBER IDENTIFIER
- control field: OSt
005 - DATE AND TIME OF LATEST TRANSACTION
- control field: 20211105140016.0
008 - FIXED-LENGTH DATA ELEMENTS
- fixed length control field: 211105|| aca||aabn | a|a d
040 ## - CATALOGING SOURCE
- Original cataloging agency: OSt
- Transcribing agency: OSt
111 ## - HEADING--MEETING NAME
- Meeting name or jurisdiction name as entry element: Lunar and planetory science conference
- Number of part/section/meeting: 12th
- Location of meeting: Houston, Texas
- Date of meeting or treaty signing: 1981 Mar. 16-20
670 ## - SOURCE DATA FOUND
- Source citation: Work cat.: (OSt): Lunar and planetory science conference 12th Houston, Texas 1981 Mar. 16-20, Lunar and planetory science, 1981